|
|
|
|
| LEADER |
01000nam a2200265 a 4500 |
| 001 |
2895017 |
| 008 |
090531s1988 enka b 001 0 eng d |
| 010 |
|
|
|a 87015747
|
| 020 |
|
|
|a 0709934262
|
| 040 |
|
|
|a DLC
|c DLC
|d DLC
|
| 082 |
0 |
0 |
|a 591.5/248
|2 19
|
| 100 |
1 |
|
|a Cockburn, Andrew,
|d 1954-
|
| 245 |
1 |
0 |
|a Social behaviour in fluctuating populations /
|c Andrew Cockburn.
|
| 260 |
|
|
|a London ;
|a New York :
|b Croom Helm,
|c c1988.
|
| 300 |
|
|
|a xi, 239 p. :
|b ill. ;
|c 24 cm.
|
| 490 |
1 |
|
|a Studies in behavioural adaptation
|
| 504 |
|
|
|a Bibliography: p. 189-235.
|
| 504 |
|
|
|a Includes index.
|
| 541 |
1 |
|
|e 00004339
|
| 650 |
|
0 |
|a Social behavior in animals.
|
| 650 |
|
0 |
|a Animal populations.
|
| 650 |
|
0 |
|a Animal behavior
|x Evolution.
|
| 852 |
4 |
|
|a Ayesha Abed Library
|j General Shelf.
|
| 999 |
|
|
|c 1047
|d 1047
|
| 952 |
|
|
|0 0
|1 0
|2 ddc
|4 0
|6 591_524800000000000_COC_1988
|7 0
|9 952
|a BRACUL
|b BRACUL
|c GEN
|d 2009-06-24
|g 0.00
|l 0
|o 591.5248 COC
|p 3010004339
|r 2009-06-24
|t 1
|w 2009-06-24
|y BK
|x No price found in the accession register.
|